Statistics for Things of seven in a Song of Ice and Fire series

Click here to take the quiz!

General Stats

  • This quiz has been taken 8,376 times
    (7,807 since last reset)
  • The average score is 30 of 49

Answer Stats

Answer% Correct
Eddard Stark
96%
Arya Stark
95%
Brandon Stark
95%
Robb Stark
95%
Sansa Stark
95%
The Kingdom of the North
94%
Rickon Stark
93%
A Game of Thrones
88%
Dorne
87%
The Kingdom of Isles and Rivers
86%
The Mother
85%
A Clash of Kings
81%
Ser Jaime Lannister the Kingslayer
81%
A Feast for Crows
80%
The Father
80%
A Storm of Swords
78%
Ser Berristan Selmy
77%
A Dance with Dragons
75%
The Stranger
74%
The Winds of Winter
74%
The Kingdom of Mountain and Vale
72%
Benjen Stark
71%
The Warrior
71%
The Kingdom of the Reach
70%
Oathkeeper
69%
The Smith
69%
The Kingdom of the Stormlands
68%
The Crone
64%
The Kingdom of the Rock
64%
The Maiden
64%
A Dream of Spring
62%
Ser Meryn Trant
59%
Longclaw
51%
Widow's Wail
50%
Ser Boros Blount
38%
Ser Arys Oakheart
37%
Kevan Lannister
36%
Pate
35%
Varamyr Sixskins
33%
Will
33%
Maester Cressen
31%
Heartsbane
30%
Ser Mandon Moore
23%
Chett
19%
Ser Preston Greenfield
18%
Merrett Frey
15%
Lady Forlorn
13%
Red Rain
10%
Nightfall
6%

Score Distribution

Percentile by Number Answered

Percent of People with Each Score

Your Score History

You have not taken this quiz since the last reset